LEADER 01022nam0-2200373---450- 001 990008688970403321 005 20090112120014.0 010 $a978-92-5-205840-3 035 $a000868897 035 $aFED01000868897 035 $a(Aleph)000868897FED01 035 $a000868897 100 $a20080716d2007----km-y0itay50------ba 101 0 $afre 102 $aIT 105 $ay-------001yy 200 1 $aÉtiquetage des denrées alimentaires$fOMS - FAO 205 $a5e éd. 210 $aRoma$cFAO$d2007 215 $aIII, [1], 43 p.$d25 cm 225 1 $aCodex alimentarius 610 0 $aAlimenti$aControllo 676 $a363.192 62$v20$zita 676 $a664.07$v20$zita 710 02$aFAO$017670 711 02$aOrganizzazione mondiale della sanità$0361629 712 02$aCodex alimentarius 801 0$aIT$bUNINA$gRICA$2UNIMARC 901 $aBK 912 $a990008688970403321 952 $a60 FAO B 93$fFAGBC 959 $aFAGBC 996 $aÉtiquetage des denrées alimentaires$9718853 997 $aUNINA LEADER 00895nam a2200265 i 4500 001 991000948199707536 005 20020507104240.0 008 970307s1969 us ||| | eng 035 $ab10152234-39ule_inst 035 $aLE00639604$9ExL 040 $aDip.to Fisica$beng 082 0 $a519.2 084 $a53.1.65 084 $aLC Q274A 100 1 $aKarlin, Samuel$0462031 245 12$aA first course in stochastic processes /$cSamuel Karlin 260 $aNew York :$bAcademic Press, Inc.,$c1969 300 $a502 p. ;$c23 cm 650 4$aStochastic processes 907 $a.b10152234$b21-09-06$c27-06-02 912 $a991000948199707536 945 $aLE006 53.1.65 KAR$g1$i2006000009430$lle006$o-$pE0.00$q-$rl$s- $t0$u0$v0$w0$x0$y.i10182421$z27-06-02 996 $aFirst course in stochastic processes$947589 997 $aUNISALENTO 998 $ale006$b01-01-97$cm$da $e-$feng$gus $h2$i1 LEADER 03437nam 22008413a 450 001 9910297034403321 005 20250203232819.0 010 $a9783845233727 010 $a3845233729 035 $a(CKB)4340000000010382 035 $a(oapen)https://directory.doabooks.org/handle/20.500.12854/62410 035 $a(ScCtBLL)a76adfb5-af6b-4ba5-b1b7-ea116712c883 035 $a(OCoLC)1163836631 035 $a(EXLCZ)994340000000010382 100 $a20250203i20112019 uu 101 0 $ager 135 $aurmn|---annan 181 $ctxt$2rdacontent 182 $cc$2rdamedia 183 $acr$2rdacarrier 200 00$aVon Digital-Rights-Management zu Content Identification : $eNeue Ansätze zum Schutz urheberrechtlich geschützter Multimediawerke im Internet /$fJulia Fitzner 205 $a1 ed. 210 1$aBaden-Baden :$cNomos Verlagsgesellschaft mbH & Co. KG,$d2011. 215 $a1 electronic resource (357 p.) 225 0 $aAbhandlungen zum Urheber- und Kommunikationsrech ;$bBd. 55 320 $aBibliography: p. 339-357. 330 $a Das Werk zieht Bilanz über die bisherigen (Miss-)Erfolge des Einsatzes von Digital-Rights-Management-Systemen bei der Online-Vermarktung von urheberrechtlich geschützten Multimediawerken. Weiterhin wird ein neuer Ansatz zum Schutz solcher Werke im Web 2.0 in Form von Filtertechnologien, die digitalisierte geschützte Inhalte identifizieren können, vorgestellt. In rechtlicher Hinsicht wird geprüft, wie sich der Einsatz solcher Technologien durch Betreiber von Social-Media-Diensten auf deren urheberrechtliche Haftung auswirkt, vor allem im Hinblick auf die Haftungsbeschränkungen nach dem TMG und nach dem US-amerikanischen Digital Millennium Copyright Act, die einer rechtsvergleichenden Analyse unterzogen werden. 606 $aMultimédia$9fre$2ECLAS 606 $amultimedia$9eng$2eurovoc 606 $aMusique$9fre$2ECLAS 606 $amusic$9eng$2eurovoc 606 $aDroit d'auteur$9fre$2ECLAS 606 $acopyright$9eng$2eurovoc 606 $aInternet$9eng$2eurovoc 606 $adigital rights management$9eng$2eurovoc 606 $adigital distribution$9eng$2eurovoc 606 $aNumérisation$9fre$2ECLAS 606 $adigitisation$9eng$2eurovoc 606 $aThèses$9fre$2ECLAS 606 $athesis$9eng$2eurovoc 606 $aUE/CE Union européenne$9fre$2ECLAS 606 $aEuropean Union$9eng$2eurovoc 606 $aGermany$9eng$2eurovoc 606 $aUnited States$9eng$2eurovoc 607 $aAllemagne RF$9fre$2ECLAS 607 $aEtats-Unis d'Amérique$9fre$2ECLAS 610 $aUrheberrecht 610 $aMedienrecht 610 $aGewerblicher Rechtsschutz 615 7$aMultimédia 615 7$amultimedia. 615 7$aMusique 615 7$amusic. 615 7$aDroit d'auteur 615 7$acopyright. 615 7$aInternet. 615 7$adigital rights management. 615 7$adigital distribution. 615 7$aNumérisation 615 7$adigitisation. 615 7$aThèses 615 7$athesis. 615 7$aUE/CE Union européenne 615 7$aEuropean Union. 615 7$aGermany. 615 7$aUnited States. 700 $aFitzner$b Julia$01245788 801 0$bScCtBLL 801 1$bScCtBLL 906 $aBOOK 912 $a9910297034403321 996 $aVon Digital-Rights-Management zu Content Identification$92889132 997 $aUNINA